000 00572nam a2200193 a 4500
005 20140310183306.0
008 050906s19uu xx 00 eng d
020 _a0071440607
050 _aHG 4515
_b.T74 2005
100 _aTrennert, Jason
245 _aNew markets, new strategies :
_bwealth-building habits for intelligent investing /
_cJason Trennert
260 _aNew York :
_bMcGraw-Hill,
_c2005.
300 _a192 p. :
_bill. ;
_c24 cm.
521 _aBSBA
650 _aInvestment.
650 _aPortfolio management.
942 _cBK
_2lcc
_kFOR
999 _c21094
_d21094